[Event "2. ODEM U25 2005"]
[Site "Willingen GER"]
[Date "2005.05.16"]
[Round "3"]
[White "Vandenbergen, Nicolas"]
[Black "Belger, Christian"]
[Result "1-0"]
[Termination "normal"]
[Board "7"]
[WhiteElo "2057"]
[BlackElo "1822"]
[PlyCount "111"]
[BlackFideId "24622940"]
[EventCountry "GER"]
[EventRounds "9"]
[EventType "swiss"]
[EventDate "2005.05.15"]

1. Nc3 g6 2. e4 Bg7 3. d4 c5 4. Be3 Nf6 5. d5 d6 6. Qd2 Qa5 7. h3 Nbd7 8. f4 a6
9. Be2 b5 10. Bf3 Bb7 11. Nge2 Nb6 12. Nd1 Qxd2+ 13. Bxd2 Nc4 14. Bc1 a5 15. a4
b4 16. O-O Nd7 17. Rb1 Ba6 18. Re1 O-O 19. Ne3 Ndb6 20. Nxc4 Nxc4 21. Ng3 h5
22. Nf1 Rfc8 23. Ne3 Bd4 24. Kh2 Nb6 25. g4 hxg4 26. Bxg4 Rc7 27. b3 c4 28. Bb2
Bxb2 29. Rxb2 cxb3 30. cxb3 Nd7 31. Bxd7 Rxd7 32. Rc1 Bd3 33. e5 Raa7 34. Rd2
Ba6 35. Rdc2 Kf8 36. Kg3 e6 37. dxe6 fxe6 38. Ng4 Ke7 39. Nf6 dxe5 40. Nxd7
exf4+ 41. Kxf4 Rxd7 42. Rc7 Rxc7 43. Rxc7+ Kd6 44. Ra7 Bd3 45. Rxa5 Bc2 46. Rb5
Bxb3 47. Rxb4 Bd5 48. Rb6+ Kc5 49. a5 Bc4 50. Ke5 Bf1 51. h4 Bh3 52. Rb2 Bf1
53. Kxe6 Kd4 54. Kf6 Ke3 55. Kxg6 Bd3+ 56. Kg7 1-0

[Event "2. ODEM U25 2005"]
[Site "Willingen GER"]
[Date "2005.05.16"]
[Round "3"]
[White "Dahmen, Christoph"]
[Black "Gölz, Daniel"]
[Result "0-1"]
[Termination "normal"]
[Board "8"]
[WhiteElo "2050"]
[BlackElo "1809"]
[PlyCount "88"]
[WhiteFideId "4692160"]
[BlackFideId "24626325"]
[EventCountry "GER"]
[EventRounds "9"]
[EventType "swiss"]
[EventDate "2005.05.15"]

1. d4 d5 2. c4 e6 3. Nc3 Nf6 4. Bg5 Be7 5. Nf3 O-O 6. e3 b6 7. Bd3 Bb7 8. Qc2
Nbd7 9. O-O c5 10. Ne5 h6 11. Bh4 a6 12. f4 dxc4 13. Nxc4 b5 14. Ne5 Nb6 15.
dxc5 Bxc5 16. Rae1 Rc8 17. Qb1 Nbd5 18. Ne4 Bxe3+ 19. Kh1 Bb6 20. Rd1 Qe7 21.
Nxf6+ gxf6 22. Ng4 Ne3 23. Bh7+ Kg7 24. Nxe3 Bxe3 25. Rd3 Qc5 26. Rd7 f5 27.
Bxf5 Bc6 28. Be7 Qxf5 29. Bxf8+ Kxf8 30. Qxf5 exf5 31. Rd6 Bb7 32. Rd3 Bc1 33.
Kg1 Bxb2 34. Rd2 Ba3 35. Kf2 Bc5+ 36. Ke2 Bxg2 37. Rfd1 Re8+ 38. Kd3 Re3+ 39.
Kc2 Be4+ 40. Kb2 Be7 41. Rg1 Bf6+ 42. Kc1 Rc3+ 43. Kd1 Bf3+ 44. Ke1 Bh4+ 0-1

[Event "2. ODEM U25 2005"]
[Site "Willingen GER"]
[Date "2005.05.16"]
[Round "3"]
[White "Braun, Vitali"]
[Black "Schneider, Christian"]
[Result "1-0"]
[Termination "normal"]
[Board "9"]
[WhiteElo "2232"]
[BlackElo "1992"]
[PlyCount "83"]
[WhiteFideId "4684915"]
[BlackFideId "24613886"]
[EventCountry "GER"]
[EventRounds "9"]
[EventType "swiss"]
[EventDate "2005.05.15"]

1. e4 c6 2. Nf3 d5 3. exd5 cxd5 4. Ne5 Nc6 5. d4 Nxe5 6. dxe5 e6 7. Bd3 Bc5 8.
O-O Qc7 9. Qe2 Bd7 10. Nd2 Ne7 11. Nf3 h6 12. c3 Nc6 13. Bc2 O-O-O 14. Be3 Bxe3
15. Qxe3 f5 16. Ba4 Kb8 17. Bxc6 Bxc6 18. Nd4 Bd7 19. a4 Rc8 20. Ra3 g5 21. a5
Qc4 22. Rfa1 f4 23. Qd2 Rhf8 24. Rb3 g4 25. Rb4 Qc7 26. Re1 h5 27. f3 gxf3 28.
Nxf3 Qc5+ 29. Kh1 Qxa5 30. Rxf4 Rxf4 31. Qxf4 Qb6 32. Qd2 Rf8 33. Nd4 Qa6 34.
Kg1 Qb6 35. Qh6 Rc8 36. Re2 Qa6 37. h3 Qa1+ 38. Kh2 Qf1 39. Qxh5 Qf4+ 40. g3
Qf1 41. Qf3 Qc1 42. Qf7 1-0

[Event "2. ODEM U25 2005"]
[Site "Willingen GER"]
[Date "2005.05.16"]
[Round "3"]
[White "Kühner, Christian"]
[Black "Jähn, Michael"]
[Result "1-0"]
[Termination "normal"]
[Board "10"]
[WhiteElo "2150"]
[BlackElo "1977"]
[PlyCount "59"]
[WhiteFideId "4679440"]
[BlackFideId "24623466"]
[EventCountry "GER"]
[EventRounds "9"]
[EventType "swiss"]
[EventDate "2005.05.15"]

1. c4 c5 2. Nc3 Nf6 3. g3 e6 4. e4 d6 5. Bg2 Be7 6. d3 O-O 7. Nge2 Nbd7 8. a3
a6 9. Rb1 Rb8 10. b4 b6 11. b5 a5 12. f4 Bb7 13. O-O Qc7 14. h3 Rfe8 15. g4 Nf8
16. Qe1 Kh8 17. g5 Ng8 18. Qg3 f6 19. h4 Nd7 20. Bd2 e5 21. f5 Qd8 22. Kf2 Rf8
23. Bf3 Qe8 24. Rh1 Ba8 25. Rbg1 Bb7 26. Nd1 g6 27. Ne3 gxf5 28. Nxf5 Qf7 29.
Bg4 Rbd8 30. Qf3 1-0

[Event "2. ODEM U25 2005"]
[Site "Willingen GER"]
[Date "2005.05.16"]
[Round "3"]
[White "Röber, Jürgen"]
[Black "Mazarov, Jürgen"]
[Result "1/2-1/2"]
[Termination "normal"]
[Board "11"]
[WhiteElo "2040"]
[BlackElo "1958"]
[PlyCount "81"]
[WhiteFideId "4697090"]
[BlackFideId "24617768"]
[EventCountry "GER"]
[EventRounds "9"]
[EventType "swiss"]
[EventDate "2005.05.15"]

1. e4 e5 2. Nf3 Nf6 3. Nxe5 d6 4. Nf3 Nxe4 5. Nc3 Nf6 6. d4 Be7 7. Bf4 O-O 8.
Be2 Bf5 9. O-O Re8 10. Nh4 Bd7 11. Bd3 Nc6 12. Nf5 Nb4 13. Nxe7+ Qxe7 14. Bc4
d5 15. Be2 Ne4 16. Bf3 Bf5 17. Nb5 Na6 18. a3 c6 19. Nc3 Nxc3 20. bxc3 Nc7 21.
Qd2 Nb5 22. Rfe1 Qd7 23. Be2 Nd6 24. f3 Re6 25. Bf1 Rae8 26. Rxe6 Qxe6 27. Bg3
Qd7 28. Rb1 b5 29. Re1 Rxe1 30. Qxe1 Nc4 31. Bxc4 dxc4 32. Qe5 h6 33. Bf2 Bxc2
34. g4 Bd3 35. Kg2 Qd5 36. Qxd5 cxd5 37. Bg3 Kf8 38. Bc7 Ke7 39. f4 f5 40. h3
fxg4 41. hxg4 1/2-1/2

[Event "2. ODEM U25 2005"]
[Site "Willingen GER"]
[Date "2005.05.16"]
[Round "3"]
[White "Rezai, Yuanne"]
[Black "Herzog, Matthias"]
[Result "1/2-1/2"]
[Termination "normal"]
[Board "12"]
[WhiteElo "1779"]
[BlackElo "2035"]
[PlyCount "76"]
[BlackFideId "4698541"]
[EventCountry "GER"]
[EventRounds "9"]
[EventType "swiss"]
[EventDate "2005.05.15"]

1. e4 c5 2. d4 cxd4 3. c3 dxc3 4. Nxc3 d6 5. Bc4 e6 6. Nge2 Nf6 7. f3 Be7 8.
Be3 a6 9. O-O O-O 10. Qd2 b5 11. Bb3 Nc6 12. a3 Bb7 13. Rfd1 Rc8 14. Qe1 Na5
15. Ba2 Nc4 16. Bxc4 Rxc4 17. Qg3 Nh5 18. Qg4 g6 19. b3 Rc8 20. Rd3 e5 21. Qh3
Bg5 22. Bxg5 Qxg5 23. Qd7 Bc6 24. Qa7 f5 25. Rxd6 fxe4 26. fxe4 Nf4 27. Nxf4
Qxf4 28. Rad1 Rf7 29. Qb6 Bxe4 30. Nxe4 Qxe4 31. Rf6 Qb7 32. Qe6 Rcc7 33. Rdf1
Rce7 34. Rxf7 Rxf7 35. Qe8+ Kg7 36. Qxe5+ Kg8 37. Qe8+ Kg7 38. Qe5+ Kg8 1/2-1/2

[Event "2. ODEM U25 2005"]
[Site "Willingen GER"]
[Date "2005.05.16"]
[Round "3"]
[White "Dalakian, Haroutioun"]
[Black "Leisner, Hannes"]
[Result "0-1"]
[Termination "normal"]
[Board "13"]
[WhiteElo "1746"]
[BlackElo "2022"]
[PlyCount "58"]
[WhiteFideId "24632058"]
[BlackFideId "4692705"]
[EventCountry "GER"]
[EventRounds "9"]
[EventType "swiss"]
[EventDate "2005.05.15"]

1. d4 Nf6 2. c4 c5 3. d5 b5 4. cxb5 a6 5. b6 d6 6. Nc3 Nbd7 7. e4 Nxb6 8. h3 g6
9. Nf3 Bg7 10. Bd3 O-O 11. O-O Nfd7 12. Bf4 a5 13. a4 c4 14. Bc2 Nc5 15. Re1
Ba6 16. e5 Nd3 17. Bxd3 cxd3 18. Nd4 Nc4 19. Nc6 Qd7 20. exd6 exd6 21. g4 Rfe8
22. Qxd3 Nxb2 23. Qc2 Nd3 24. Rxe8+ Rxe8 25. Be3 Nb4 26. Qd2 Nxc6 27. dxc6 Qxc6
28. Rc1 Bb7 29. f4 Rxe3 0-1

[Event "2. ODEM U25 2005"]
[Site "Willingen GER"]
[Date "2005.05.16"]
[Round "3"]
[White "Rafiee, Makan"]
[Black "Neldner, Uta"]
[Result "1-0"]
[Termination "normal"]
[Board "15"]
[WhiteElo "1992"]
[BlackElo "1830"]
[PlyCount "61"]
[WhiteFideId "24609340"]
[BlackFideId "24604070"]
[EventCountry "GER"]
[EventRounds "9"]
[EventType "swiss"]
[EventDate "2005.05.15"]

1. e4 c5 2. Nf3 Nc6 3. d4 cxd4 4. Nxd4 Nf6 5. Nc3 e5 6. Ndb5 d6 7. Bg5 a6 8.
Na3 b5 9. Nd5 Be7 10. Bxf6 Bxf6 11. c3 Bg5 12. Nc2 O-O 13. a4 Rb8 14. axb5 axb5
15. Bd3 Be6 16. Ncb4 Nxb4 17. Nxb4 Qd7 18. O-O f5 19. exf5 Bxf5 20. Bxf5 Rxf5
21. Qd5+ Kh8 22. Ra6 Rbf8 23. Nd3 Be7 24. Rfa1 Qc8 25. Rb6 h6 26. Ra7 Qd8 27.
Rbb7 R8f7 28. h3 Qf8 29. Rd7 e4 30. Qxe4 Bh4 31. Qxh4 1-0

[Event "2. ODEM U25 2005"]
[Site "Willingen GER"]
[Date "2005.05.16"]
[Round "3"]
[White "Neidlinger, Markus"]
[Black "Schwenke, Vincent"]
[Result "1/2-1/2"]
[Termination "normal"]
[Board "16"]
[WhiteElo "2110"]
[BlackElo "1711"]
[PlyCount "94"]
[WhiteFideId "4697839"]
[BlackFideId "24620467"]
[EventCountry "GER"]
[EventRounds "9"]
[EventType "swiss"]
[EventDate "2005.05.15"]

1. e4 c6 2. d4 d5 3. exd5 cxd5 4. c4 dxc4 5. Bxc4 Nf6 6. Nf3 e6 7. O-O Be7 8.
Nc3 Nbd7 9. Be3 Nb6 10. Bb3 O-O 11. Rc1 Nbd5 12. Qd3 a6 13. a3 b5 14. Nxd5 Nxd5
15. Bc2 Nf6 16. Bg5 g6 17. Ne5 Bb7 18. Rfd1 Nd7 19. Bh6 Nxe5 20. dxe5 Qxd3 21.
Bxd3 Rfc8 22. Be2 Rxc1 23. Rxc1 Rc8 24. Rxc8+ Bxc8 25. Bf3 Bf8 26. Bd2 Bc5 27.
Bc3 Kf8 28. Kf1 Ke7 29. Bc6 Kd8 30. Ba5+ Ke7 31. Bc7 Bd4 32. Bd6+ Kd8 33. b3
Bb2 34. f4 Bc1 35. g3 Be3 36. Kg2 Bd2 37. Kf3 Bc1 38. Kg4 Bd7 39. Be4 Be8 40.
Bc5 h6 41. Kf3 Kc7 42. Ke2 Bc6 43. Bc2 Bd5 44. Kd3 Kc6 45. Bf8 h5 46. Bd1 Bb2
47. Be7 Kd7 1/2-1/2

[Event "2. ODEM U25 2005"]
[Site "Willingen GER"]
[Date "2005.05.16"]
[Round "3"]
[White "Nuber, Korbinian"]
[Black "Vintan, Cristina-Mihaela"]
[Result "1-0"]
[Termination "normal"]
[Board "17"]
[WhiteElo "2073"]
[BlackElo "1711"]
[PlyCount "67"]
[WhiteFideId "24607231"]
[EventCountry "GER"]
[EventRounds "9"]
[EventType "swiss"]
[EventDate "2005.05.15"]

1. e4 c5 2. Nc3 Nc6 3. Bb5 g6 4. Bxc6 dxc6 5. d3 Bg7 6. f4 b5 7. Nf3 Nf6 8. e5
Nd5 9. Ne4 Qb6 10. O-O c4+ 11. d4 O-O 12. c3 Bf5 13. Nc5 b4 14. cxb4 Nxb4 15.
Nh4 Bd3 16. Rf2 Rfd8 17. a3 Na6 18. Nxd3 Rxd4 19. Be3 Rxd3 20. Qxd3 cxd3 21.
Bxb6 axb6 22. Rd1 Rd8 23. Rfd2 Nc5 24. b4 Ne6 25. g3 g5 26. fxg5 Nxg5 27. Rxd3
Rxd3 28. Rxd3 Bxe5 29. Nf5 Ne6 30. Nxe7+ Kg7 31. Nxc6 Bb2 32. a4 Nc7 33. a5
bxa5 34. bxa5 1-0

[Event "2. ODEM U25 2005"]
[Site "Willingen GER"]
[Date "2005.05.16"]
[Round "3"]
[White "Bietz, Fabian"]
[Black "Hinz, Arne"]
[Result "1-0"]
[Termination "normal"]
[Board "18"]
[WhiteElo "2028"]
[BlackElo "1679"]
[PlyCount "133"]
[WhiteFideId "24625930"]
[BlackFideId "24634875"]
[EventCountry "GER"]
[EventRounds "9"]
[EventType "swiss"]
[EventDate "2005.05.15"]

1. f4 d5 2. Nf3 Nf6 3. e3 e6 4. b3 Be7 5. Bb2 O-O 6. Bd3 Nbd7 7. O-O Nc5 8. Be2
c6 9. Nc3 Nfe4 10. Ne5 Nxc3 11. Bxc3 Ne4 12. Bb2 Bf6 13. d3 Nd6 14. Rf3 c5 15.
Rh3 Nf5 16. g4 Bxe5 17. Bxe5 Ne7 18. Bb2 Ng6 19. d4 b6 20. dxc5 bxc5 21. Bd3 f6
22. g5 f5 23. Qh5 d4 24. Bc4 Kf7 25. Qf3 Rb8 26. exd4 cxd4 27. Re1 Re8 28. Qd3
Qa5 29. Rf1 Rd8 30. Bxd4 Nf8 31. Qc3 Qxc3 32. Bxc3 Bb7 33. Ba5 Rdc8 34. Rd1 Be4
35. c3 g6 36. Bb4 Rd8 37. Rxd8 Rxd8 38. a4 Rd1+ 39. Kf2 Bd5 40. Bxd5 Rxd5 41.
Bxf8 Kxf8 42. Rxh7 a5 43. Ke3 e5 44. Ra7 e4 45. b4 Rd3+ 46. Ke2 Rxc3 47. Rxa5
Rb3 48. b5 Ke7 49. Ra6 Rb4 50. Rxg6 Rxa4 51. Rf6 Ra2+ 52. Kf1 Ra1+ 53. Kg2 Ra2+
54. Kg3 Ra3+ 55. Kh4 Ra2 56. Rxf5 Rxh2+ 57. Kg3 Re2 58. Re5+ Kf7 59. f5 Rb2 60.
Rxe4 Rxb5 61. Kf4 Rb1 62. g6+ Kf6 63. Re6+ Kg7 64. Re7+ Kg8 65. Kg5 Rb5 66. Kh6
Rb8 67. f6 1-0

[Event "2. ODEM U25 2005"]
[Site "Willingen GER"]
[Date "2005.05.16"]
[Round "3"]
[White "Sonntag, Hermann"]
[Black "Szczap, Arthur"]
[Result "1-0"]
[Termination "normal"]
[Board "19"]
[WhiteElo "2016"]
[BlackElo "1660"]
[PlyCount "47"]
[WhiteFideId "4695925"]
[BlackFideId "24637394"]
[EventCountry "GER"]
[EventRounds "9"]
[EventType "swiss"]
[EventDate "2005.05.15"]

1. e4 c5 2. Nc3 Nc6 3. f4 e6 4. Bc4 a6 5. a4 Nge7 6. d3 d5 7. Ba2 d4 8. Nce2 b5
9. Nf3 b4 10. O-O g6 11. Ng3 Bg7 12. f5 exf5 13. Ng5 O-O 14. exf5 Bxf5 15. Nxf5
gxf5 16. Qh5 h6 17. Nxf7 Rxf7 18. Bxf7+ Kh7 19. Bg5 Qd7 20. Rae1 Rf8 21. Be6
Qc7 22. Bf4 Qd8 23. Rf3 Qe8 24. Bxf5+ 1-0

[Event "2. ODEM U25 2005"]
[Site "Willingen GER"]
[Date "2005.05.16"]
[Round "3"]
[White "Reps, Dirk"]
[Black "Blaschke, Tobias"]
[Result "1/2-1/2"]
[Termination "normal"]
[Board "20"]
[WhiteElo "1665"]
[BlackElo "2000"]
[PlyCount "93"]
[BlackFideId "24614297"]
[EventCountry "GER"]
[EventRounds "9"]
[EventType "swiss"]
[EventDate "2005.05.15"]

1. e4 d5 2. exd5 Qxd5 3. Nc3 Qd6 4. Nf3 Bg4 5. Be2 Nf6 6. h3 Bh5 7. d3 a6 8.
O-O Nc6 9. Ne4 Nxe4 10. dxe4 e5 11. Qxd6 Bxd6 12. Be3 O-O 13. c3 f6 14. Bc4+
Kh8 15. Nh4 Na5 16. Bd3 Rfd8 17. g4 Bf7 18. Rfd1 Nc4 19. Bxc4 Bxc4 20. b3 Bf7
21. Rd2 Be7 22. Rad1 Rxd2 23. Rxd2 Rd8 24. Rxd8+ Bxd8 25. Bc5 a5 26. c4 b6 27.
Ba3 a4 28. Nf3 axb3 29. axb3 h5 30. Nd2 Kh7 31. c5 Kg6 32. f3 Be7 33. b4 bxc5
34. bxc5 Kg5 35. Nf1 g6 36. Kg2 f5 37. gxf5 gxf5 38. Ne3 fxe4 39. fxe4 c6 40.
h4+ Kf4 41. Nf5 Bf8 42. Nd6 Bg6 43. Bc1+ Kg4 44. Bg5 Bxd6 45. cxd6 Bxe4+ 46.
Kf2 Bf5 47. Ke3 1/2-1/2

[Event "2. ODEM U25 2005"]
[Site "Willingen GER"]
[Date "2005.05.16"]
[Round "3"]
[White "Katte, Nicolas"]
[Black "Tschlatscher, Thomas"]
[Result "1/2-1/2"]
[Termination "normal"]
[Board "21"]
[WhiteElo "1946"]
[BlackElo "1652"]
[PlyCount "120"]
[WhiteFideId "24614149"]
[BlackFideId "24635863"]
[EventCountry "GER"]
[EventRounds "9"]
[EventType "swiss"]
[EventDate "2005.05.15"]

1. d4 d5 2. Nf3 c5 3. e3 Nf6 4. c3 Nc6 5. Bd3 Bg4 6. Nbd2 e5 7. dxe5 Nxe5 8.
Bb5+ Ned7 9. h3 Bh5 10. O-O a6 11. Be2 Be7 12. c4 Nb6 13. b3 dxc4 14. Nxc4 Nxc4
15. Bxc4 Qxd1 16. Rxd1 Bxf3 17. gxf3 b5 18. Bd3 O-O 19. Bb2 Rfd8 20. Be2 Nd5
21. f4 Bf6 22. Bxf6 Nxf6 23. Rxd8+ Rxd8 24. a4 Ne4 25. axb5 Nc3 26. b6 Nxe2+
27. Kf1 Kf8 28. Rxa6 Nxf4 29. exf4 Rb8 30. Ke2 Ke7 31. Kd3 Kd6 32. Kc4 Kc6 33.
Ra5 Re8 34. Rxc5+ Kxb6 35. Re5 Rc8+ 36. Kb4 Rd8 37. Kc3 Rd7 38. Re4 Kc5 39. b4+
Kb5 40. Re5+ Kb6 41. f3 Rd6 42. h4 Rf6 43. f5 g6 44. f4 Rc6+ 45. Kd4 Rc1 46.
fxg6 hxg6 47. Re7 Rd1+ 48. Kc4 Rc1+ 49. Kd3 Rb1 50. Rxf7 Rxb4 51. Rf6+ Kc7 52.
Ke3 Rb3+ 53. Ke4 Rh3 54. Rxg6 Rxh4 55. Ke5 Kd7 56. Rg7+ Ke8 57. f5 Rh6 58. f6
Rh1 59. Kf5 Kf8 60. Rg3 Kf7 1/2-1/2

[Event "2. ODEM U25 2005"]
[Site "Willingen GER"]
[Date "2005.05.16"]
[Round "3"]
[White "Frey, Claudia"]
[Black "Reh, Rebecca"]
[Result "1-0"]
[Termination "normal"]
[Board "22"]
[WhiteElo "1911"]
[BlackElo "1650"]
[PlyCount "53"]
[WhiteFideId "24614513"]
[EventCountry "GER"]
[EventRounds "9"]
[EventType "swiss"]
[EventDate "2005.05.15"]

1. e4 c5 2. Nc3 d6 3. g3 Nc6 4. Bg2 g6 5. d3 Bg7 6. Be3 e6 7. Qd2 Nge7 8. Bh6
O-O 9. h4 Bxh6 10. Qxh6 Kh8 11. h5 Ng8 12. Qd2 Nd4 13. Nd1 Qb6 14. c3 Nc6 15.
Ne3 Nce7 16. f4 Kg7 17. Nf3 Nf6 18. hxg6 fxg6 19. g4 Rh8 20. f5 exf5 21. exf5
Bd7 22. g5 Ne8 23. f6+ Nxf6 24. gxf6+ Kxf6 25. O-O-O Raf8 26. Rde1 Kg7 27. Nc4
1-0

[Event "2. ODEM U25 2005"]
[Site "Willingen GER"]
[Date "2005.05.16"]
[Round "3"]
[White "Lobe, Sandra"]
[Black "Koksch, Florian"]
[Result "1/2-1/2"]
[Termination "normal"]
[Board "23"]
[WhiteElo "1626"]
[BlackElo "1899"]
[PlyCount "27"]
[BlackFideId "24613584"]
[EventCountry "GER"]
[EventRounds "9"]
[EventType "swiss"]
[EventDate "2005.05.15"]

1. e4 e5 2. Nc3 Nc6 3. Nf3 Nf6 4. Bb5 Nd4 5. Nxe5 Nxe4 6. Be2 Qf6 7. Nxe4 Qxe5
8. Ng3 Bc5 9. c3 Nxe2 10. Qxe2 Qxe2+ 11. Nxe2 O-O 12. O-O Re8 13. Nf4 c6 14. d4
1/2-1/2

[Event "2. ODEM U25 2005"]
[Site "Willingen GER"]
[Date "2005.05.16"]
[Round "3"]
[White "Simon, Eric"]
[Black "Klebanov, Andrej"]
[Result "1/2-1/2"]
[Termination "normal"]
[Board "24"]
[WhiteElo "1896"]
[BlackElo "1587"]
[PlyCount "136"]
[BlackFideId "24669989"]
[EventCountry "GER"]
[EventRounds "9"]
[EventType "swiss"]
[EventDate "2005.05.15"]

1. d4 e6 2. c4 d5 3. Nc3 Nf6 4. cxd5 Nxd5 5. e4 Nxc3 6. bxc3 c5 7. Nf3 cxd4 8.
cxd4 Nc6 9. Be2 Bb4+ 10. Bd2 Qa5 11. a3 Bxd2+ 12. Qxd2 O-O 13. Qxa5 Nxa5 14.
Rc1 Rd8 15. O-O b6 16. Rfd1 Bb7 17. Bd3 Rac8 18. Kf1 Kf8 19. Ke2 Nb3 20. Rxc8
Rxc8 21. Bb1 Rd8 22. Ke3 Ke7 23. Rd3 Na5 24. Rc3 Rc8 25. Rxc8 Bxc8 26. Kd3 f6
27. Kc3 Ba6 28. g3 h6 29. Ne1 Nb7 30. Bd3 Bxd3 31. Kxd3 b5 32. f3 Kd6 33. Kc3
a5 34. Nd3 g5 35. Nf2 h5 36. f4 gxf4 37. gxf4 Nd8 38. Nd3 f5 39. Nc5 h4 40. Kd3
Kc6 41. Nb3 Nb7 42. d5+ exd5 43. Nd4+ Kc5 44. e5 b4 45. a4 Nd8 46. Nxf5 Ne6 47.
Nxh4 Nxf4+ 48. Kc2 Kd4 49. Nf3+ Ke4 50. Nd2+ Kxe5 51. Nb3 Ne6 52. Nxa5 Kd6 53.
Nb3 Ke5 54. a5 Nc7 55. Kd3 Na6 56. h4 Nb8 57. h5 Kf5 58. Nd4+ Kg5 59. Ne6+ Kxh5
60. Nf4+ Kg4 61. Nxd5 b3 62. Kc3 b2 63. Kxb2 Kf5 64. Kb3 Ke5 65. Kc4 Kd6 66.
Nb4 Kc7 67. Kb5 Kb7 68. Nd3 Na6 1/2-1/2

[Event "2. ODEM U25 2005"]
[Site "Willingen GER"]
[Date "2005.05.16"]
[Round "3"]
[White "Zabarska, Natalia"]
[Black "Hoffmann, Lena"]
[Result "1-0"]
[Termination "normal"]
[Board "25"]
[WhiteElo "1891"]
[BlackElo "1558"]
[PlyCount "31"]
[WhiteFideId "24608009"]
[BlackFideId "24626597"]
[EventCountry "GER"]
[EventRounds "9"]
[EventType "swiss"]
[EventDate "2005.05.15"]

1. e4 c5 2. Nc3 d6 3. d3 Nc6 4. g3 g6 5. Bg2 Bg7 6. f4 e6 7. Nf3 Nge7 8. O-O
O-O 9. g4 Rb8 10. Nh4 f5 11. exf5 exf5 12. g5 b5 13. Nd5 Bb7 14. Qe1 Nxd5 15.
Bxd5+ Kh8 16. Nxg6+ 1-0

[Event "2. ODEM U25 2005"]
[Site "Willingen GER"]
[Date "2005.05.16"]
[Round "3"]
[White "Kamrla, Robin"]
[Black "Rosenblatt, Marcus"]
[Result "1-0"]
[Termination "normal"]
[Board "26"]
[WhiteElo "1465"]
[BlackElo "1852"]
[PlyCount "81"]
[BlackFideId "24627453"]
[EventCountry "GER"]
[EventRounds "9"]
[EventType "swiss"]
[EventDate "2005.05.15"]

1. e4 c5 2. Nf3 e6 3. d4 cxd4 4. Nxd4 a6 5. Nc3 Qc7 6. Be3 Nc6 7. Be2 Nf6 8.
Qd2 Be7 9. O-O-O b5 10. f4 d6 11. Bf3 Nd7 12. Nxc6 Qxc6 13. e5 d5 14. Nxd5 exd5
15. Bxd5 Qc7 16. Bxa8 O-O 17. Bf3 b4 18. g4 Qa5 19. Qd5 Nc5 20. Bxc5 Be6 21.
Bxb4 Qxb4 22. Qb7 Qxf4+ 23. Kb1 Bg5 24. Qe4 Rb8 25. Rd4 Qxe4 26. Bxe4 Be3 27.
Rd3 Bf4 28. Rhd1 g6 29. Rd8+ Rxd8 30. Rxd8+ Kg7 31. Bd5 Bg5 32. Rd6 Be7 33.
Rxe6 fxe6 34. Bxe6 Bg5 35. Bd7 Bf4 36. e6 Kf6 37. h3 Bd6 38. a3 a5 39. c3 Kg5
40. b4 Kh4 41. bxa5 1-0

[Event "2. ODEM U25 2005"]
[Site "Willingen GER"]
[Date "2005.05.16"]
[Round "3"]
[White "Linsenmeyer, Mario"]
[Black "Kyas, Marcel"]
[Result "1/2-1/2"]
[Termination "normal"]
[Board "27"]
[WhiteElo "1850"]
[BlackElo "1518"]
[PlyCount "115"]
[WhiteFideId "24635138"]
[BlackFideId "24642037"]
[EventCountry "GER"]
[EventRounds "9"]
[EventType "swiss"]
[EventDate "2005.05.15"]

1. e4 c5 2. Nf3 Nc6 3. d4 cxd4 4. Nxd4 d6 5. Nc3 Nf6 6. f3 g6 7. Be3 Bg7 8. Qd2
a6 9. O-O-O Bd7 10. h4 h5 11. Be2 Qc8 12. Na4 Nxd4 13. Qxd4 Bxa4 14. Qxa4+ b5
15. Qb3 O-O 16. Rd2 Rb8 17. Qa3 Kh7 18. Rhd1 Bh6 19. Bxh6 Kxh6 20. e5 Ne8 21.
exd6 exd6 22. Qe3+ Kh7 23. g4 Qe6 24. Qxe6 fxe6 25. gxh5 gxh5 26. Rg1 d5 27.
Bd3+ Kh8 28. Rdg2 Nf6 29. Rg6 Rb7 30. Rh6+ Nh7 31. Rg3 Re7 32. Rxh5 Rg8 33.
Rxg8+ Kxg8 34. Bxh7+ Rxh7 35. Rxh7 Kxh7 36. Kd2 e5 37. Ke3 Kg6 38. f4 e4 39.
Kd4 Kf5 40. h5 Kxf4 41. h6 e3 42. h7 e2 43. h8=Q e1=Q 44. Qf6+ Kg4 45. Qg6+ Kf4
46. Kxd5 Qe5+ 47. Kc6 Qxb2 48. Qd6+ Ke3 49. Qd3+ Kf2 50. Qb3 Qf6+ 51. Kb7 Qd6
52. Qd3 Qe6 53. Qd4+ Ke2 54. a4 Qc4 55. Qxc4+ bxc4 56. Kxa6 c3 57. Kb5 Kd2 58.
a5 1/2-1/2

[Event "2. ODEM U25 2005"]
[Site "Willingen GER"]
[Date "2005.05.16"]
[Round "3"]
[White "Roitzsch, Philipp"]
[Black "Hirning, Oliver"]
[Result "1-0"]
[Termination "normal"]
[Board "28"]
[WhiteElo "1830"]
[BlackElo "1511"]
[PlyCount "123"]
[WhiteFideId "24635529"]
[EventCountry "GER"]
[EventRounds "9"]
[EventType "swiss"]
[EventDate "2005.05.15"]

1. e4 e5 2. Nf3 Nc6 3. Bb5 a6 4. Ba4 b5 5. Bb3 Nf6 6. O-O d6 7. c3 Be7 8. d4
Bg4 9. Be3 O-O 10. h3 Bh5 11. Nbd2 Re8 12. Qe2 Bf8 13. d5 Nb8 14. a4 bxa4 15.
Bxa4 Re7 16. Bg5 h6 17. Bxf6 gxf6 18. g4 Bg6 19. Kh2 Bg7 20. Nh4 a5 21. Nf5
Bxf5 22. gxf5 Nd7 23. Nb3 Kh7 24. Rg1 Nb6 25. Bc6 Rb8 26. Nxa5 Qc8 27. Bb7 Qf8
28. Bc6 Nd7 29. b4 Qh8 30. Nc4 Nf8 31. Ra7 Kg8 32. Qh5 Nh7 33. h4 Nf8 34. Rga1
Kh7 35. Ra8 Nd7 36. Rxb8 Qxb8 37. Ra8 Qxa8 38. Bxa8 Nb6 39. Nxb6 cxb6 40. Bc6
Ra7 41. Kg2 Kg8 42. Qe2 Ra3 43. Qb2 Ra7 44. c4 Bf8 45. h5 Kg7 46. f3 Be7 47.
Qf2 Bd8 48. c5 dxc5 49. bxc5 bxc5 50. Qxc5 Ra5 51. Qb4 Ra2+ 52. Kg3 Ba5 53. Qb1
Re2 54. d6 Bd2 55. f4 exf4+ 56. Kf3 Re1 57. Qb2 Be3 58. d7 Rf1+ 59. Kg2 Rg1+
60. Kh2 Rd1 61. Bd5 Rxd5 62. exd5 1-0

[Event "2. ODEM U25 2005"]
[Site "Willingen GER"]
[Date "2005.05.16"]
[Round "3"]
[White "Schäfer, Simon"]
[Black "Müer, Sebastian"]
[Result "0-1"]
[Termination "normal"]
[Board "29"]
[WhiteElo "1395"]
[BlackElo "1793"]
[PlyCount "108"]
[EventCountry "GER"]
[EventRounds "9"]
[EventType "swiss"]
[EventDate "2005.05.15"]

1. d4 Nf6 2. c4 c5 3. Nf3 g6 4. dxc5 Na6 5. Nc3 Nxc5 6. Bf4 Bg7 7. b4 Ne6 8.
Bd2 O-O 9. Rc1 b6 10. e3 a5 11. a3 axb4 12. axb4 Bb7 13. Be2 Ne4 14. Nxe4 Bxe4
15. Bc3 Ra2 16. Bxg7 Kxg7 17. O-O Qa8 18. Re1 Rd8 19. Ra1 d5 20. Rxa2 Qxa2 21.
Qa1+ Qxa1 22. Rxa1 Bxf3 23. gxf3 d4 24. Rd1 Kf6 25. f4 dxe3 26. fxe3 Rxd1+ 27.
Bxd1 Nc7 28. Be2 e5 29. fxe5+ Kxe5 30. Bd3 f5 31. Kf2 Na6 32. b5 Nc5 33. Bc2 g5
34. Kf3 h5 35. h3 Ne6 36. Bd3 f4 37. exf4+ Nxf4 38. Bf1 Nxh3 39. Ke3 Nf4 40. c5
Nd5+ 41. Kd3 bxc5 42. Ke2 Kf4 43. Kf2 g4 44. Kg2 h4 45. Kh2 Nb6 46. Kg2 h3+ 47.
Kh2 Kf3 48. Kg1 c4 49. Kh2 Kf2 50. Bxc4 Nxc4 51. b6 g3+ 52. Kh1 g2+ 53. Kh2
g1=Q+ 54. Kxh3 Qg3# 0-1